[Event "Sonora op 2nd"]
[Site "Sonora"]
[Date "2024.06.16"]
[Round "6"]
[White "Areco Alvarenga, Eric Adriel"]
[Black "Kazuhiro Shikasho, Erik"]
[Result "1-0"]
[WhiteElo "1712"]
[BlackElo "1860"]
[PlyCount "51"]
[EventDate "2024.06.13"]
[EventType "swiss"]
[EventRounds "6"]
[EventCountry "BRA"]
[SourceTitle "CBM 220 Extra"]
[Source "ChessBase"]
[SourceDate "2024.07.31"]
[SourceVersion "1"]
[SourceVersionDate "2024.07.31"]
[SourceQuality "1"]

1. e4 c5 2. Nf3 d6 3. c3 Nf6 4. h3 Nbd7 5. Bd3 g6 6. 0-0 Bg7 7. Bc2 0-0 8. d4 b6 9. Re1 Bb7 10. e5 Ne8 11. Bf4 d5 12. Qd2 Nc7 13. Ng5 e6 14. h4 Re8 15. h5 Nf8 16. Ba4 b5 17. Bc2 c4 18. Qe3 Qd7 19. h6 Bh8 20. Nf3 a5 21. Bg5 Reb8 22. Qf4 Ne8 23. Nbd2 b4 24. Nh2 Qc7 25. Ng4 Nd7 26. Re3 1-0

[Event "BRA-ch U18"]
[Site "Aracaju"]
[Date "2024.05.22"]
[Round "1"]
[White "Miranda, Luiz Felipe Alves"]
[Black "Kazuhiro Shikasho, Erik"]
[Result "1-0"]
[WhiteElo "1800"]
[BlackElo "1860"]
[PlyCount "35"]
[EventDate "2024.05.22"]
[EventType "swiss"]
[EventRounds "6"]
[EventCountry "BRA"]
[SourceTitle "CBM 220 Extra"]
[Source "ChessBase"]
[SourceDate "2024.07.31"]
[SourceVersion "1"]
[SourceVersionDate "2024.07.31"]
[SourceQuality "1"]

1. e4 c5 2. c3 Nf6 3. e5 Nd5 4. d4 cxd4 5. cxd4 e6 6. Nc3 Nxc3 7. bxc3 Be7 8. Nf3 Nc6 9. Bd3 d6 10. exd6 Qxd6 11. Qe2 Bf6 12. Bd2 Bd7 13. 0-0 0-0 14. Rfe1 Rfe8 15. Rad1 Rac8 16. c4 Bd8 17. a3 Kh8 18. d5 1-0

[Event "Cuiaba Contaud op"]
[Site "Cuiaba"]
[Date "2022.10.29"]
[Round "7"]
[White "Kazuhiro Shikasho, Erik"]
[Black "Alboredo, Julia"]
[Result "0-1"]
[WhiteElo "1895"]
[BlackElo "2234"]
[PlyCount "37"]
[EventDate "2022.10.25"]
[EventType "swiss"]
[EventRounds "9"]
[EventCountry "BRA"]
[SourceTitle "EXT 2024"]
[Source "ChessBase"]
[SourceDate "2023.10.10"]
[SourceVersion "1"]
[SourceVersionDate "2023.10.10"]
[SourceQuality "1"]

1. e4 c5 2. Nf3 Nc6 3. d4 cxd4 4. Nxd4 Nf6 5. Nc3 d6 6. Bg5 Bd7 7. Qd2 a6 8. 0-0-0 e6 9. f3 Nxd4 10. Qxd4 Be7 11. Kb1 Qc7 12. g4 Bc6 13. h4 h5 14. gxh5 Nxh5 15. Rg1 0-0-0 16. Bxe7 Qxe7 17. Qa7 Qc7 18. Bh3 Nf4 19. Bf1 0-1

[Event "Cuiaba Contaud op"]
[Site "Cuiaba"]
[Date "2022.10.26"]
[Round "3"]
[White "Kazuhiro Shikasho, Erik"]
[Black "Vargas, Roberto Carlos Melg"]
[Result "1-0"]
[WhiteElo "1895"]
[BlackElo "1683"]
[PlyCount "44"]
[EventDate "2022.10.25"]
[EventType "swiss"]
[EventRounds "9"]
[EventCountry "BRA"]
[SourceTitle "EXT 2024"]
[Source "ChessBase"]
[SourceDate "2023.10.10"]
[SourceVersion "1"]
[SourceVersionDate "2023.10.10"]
[SourceQuality "1"]

1. e4 c5 2. Nf3 g6 3. d4 cxd4 4. Nxd4 Nc6 5. Nc3 Bg7 6. Be3 Nf6 7. Bc4 Qa5 8. 0-0 d6 9. Bb3 0-0 10. h3 a6 11. f4 Rd8 12. Qf3 e6 13. Qf2 Nd7 14. Nxc6 bxc6 15. f5 exf5 16. exf5 d5 17. fxg6 fxg6 18. Rad1 Rf8 19. Qh4 Rxf1+ 20. Rxf1 Nc5 21. Nxd5 cxd5 22. Bxd5+ Be6 1-0

[Event "Concordia op 6th"]
[Site "Concordia"]
[Date "2022.10.16"]
[Round "9"]
[White "Kazuhiro Shikasho, Erik"]
[Black "Manfroi, Alexander Giannini1"]
[Result "1/2-1/2"]
[WhiteElo "1895"]
[BlackElo "1728"]
[PlyCount "107"]
[EventDate "2022.10.12"]
[EventType "swiss"]
[EventRounds "9"]
[EventCountry "BRA"]
[SourceTitle "EXT 2024"]
[Source "ChessBase"]
[SourceDate "2023.10.10"]
[SourceVersion "1"]
[SourceVersionDate "2023.10.10"]
[SourceQuality "1"]

1. e4 c5 2. Nf3 Nc6 3. d4 cxd4 4. Nxd4 e5 5. Nb5 a6 6. Nd6+ Bxd6 7. Qxd6 Qf6 8. Qxf6 Nxf6 9. f3 d5 10. exd5 Nb4 11. Na3 Nfxd5 12. c3 Nc6 13. Nc4 b5 14. Nd6+ Ke7 15. Nxc8+ Rhxc8 16. a4 b4 17. Bc4 Nb6 18. Bd3 a5 19. Bd2 bxc3 20. bxc3 Nd5 21. Kf2 Nd8 22. Be4 Ke6 23. Rab1 f5 24. Bxd5+ Kxd5 25. Rb5+ Rc5 26. Rhb1 Rxb5 27. Rxb5+ Kd6 28. Ke3 Nc6 29. c4 Ra7 30. f4 Re7 31. Rd5+ Ke6 32. fxe5 Nxe5 33. Kd4 Rd7 34. Bxa5 Nc6+ 35. Kc5 Nxa5 36. Rxd7 Kxd7 37. Kd5 g5 38. c5 Nc6 39. a5 Nxa5 40. Ke5 f4 41. h4 gxh4 42. Kxf4 Nb3 43. Kg4 Nxc5 44. Kxh4 Ne6 45. Kh5 Nf8 46. Kh6 Ke8 47. Kg7 Ke7 48. g4 Ke8 49. Kg8 Ke7 50. Kg7 Ke6 51. Kxf8 Kf6 52. Kg8 Kg6 53. g5 Kxg5 54. Kxh7 1/2-1/2

[Event "BRA-ch U2300 Amateurs"]
[Site "Sao Paulo"]
[Date "2022.06.18"]
[Round "5"]
[White "Sant Anna, Eddie Luiz G"]
[Black "Kazuhiro Shikasho, Erik"]
[Result "0-1"]
[WhiteElo "2047"]
[BlackElo "1889"]
[PlyCount "70"]
[EventDate "2022.06.16"]
[EventType "swiss"]
[EventRounds "7"]
[EventCountry "BRA"]
[SourceTitle "CBM 208 Extra"]
[Source "ChessBase"]
[SourceDate "2022.07.31"]
[SourceVersion "1"]
[SourceVersionDate "2022.07.31"]
[SourceQuality "1"]

1. d4 Nf6 2. Nc3 d5 3. Bf4 g6 4. e3 Bg7 5. Nb5 Na6 6. Be2 0-0 7. h3 Ne4 8. Nf3 c6 9. Nc3 Qa5 10. 0-0 Nxc3 11. bxc3 Qxc3 12. Rb1 Qa5 13. c4 Nc7 14. a4 dxc4 15. Bxc4 Nd5 16. Bg3 Nb6 17. Bb3 Bf5 18. Rc1 Rac8 19. Rc5 Qb4 20. Be5 Bh6 21. g4 Be4 22. Nd2 Bd3 23. g5 Bxg5 24. Nf3 Bxf1 25. Nxg5 Bc4 26. Bc2 f6 27. a5 Nd5 28. Rxc4 Qxc4 29. Bb3 Qc3 30. e4 fxe5 31. exd5 cxd5 32. Bxd5+ Kh8 33. Qg4 Qe1+ 34. Kh2 Rxf2+ 35. Bg2 Rcc2 0-1

[Event "Campo Grande"]
[Site "Campo Grande"]
[Date "2022.06.06"]
[Round "5"]
[White "Luz, Arthur Nader"]
[Black "Kazuhiro Shikasho, Erik"]
[Result "1-0"]
[WhiteElo "2231"]
[BlackElo "1889"]
[PlyCount "105"]
[EventDate "2022.06.03"]
[EventType "tourn"]
[EventRounds "5"]
[EventCountry "BRA"]
[SourceTitle "EXT 2024"]
[Source "ChessBase"]
[SourceDate "2023.10.10"]
[SourceVersion "1"]
[SourceVersionDate "2023.10.10"]
[SourceQuality "1"]

1. e4 c5 2. Nf3 d6 3. d4 cxd4 4. Nxd4 Nf6 5. Nc3 a6 6. Bc4 e6 7. a4 Nbd7 8. Bxe6 fxe6 9. Nxe6 Qb6 10. a5 Qc6 11. Nd5 Nxd5 12. exd5 Qc4 13. b3 Qe4+ 14. Kf1 Ne5 15. Ra4 Qg6 16. Nc7+ Kd8 17. Nxa8 Bf5 18. Qd4 Bxc2 19. Qb6+ Ke8 20. Qe3 Qd3+ 21. Qxd3 Nxd3 22. Re4+ Kf7 23. Be3 Be7 24. Nb6 Ne5 25. Rf4+ Kg6 26. h4 h5 27. Ke2 Bd8 28. Rb4 Bd3+ 29. Kd2 Bb5 30. Re1 Nd3 31. Re4 Nxe1 32. Re6+ Kf7 33. Kxe1 Re8 34. Rxd6 Bxh4 35. Kd1 Be7 36. Re6 Bb4 37. Rxe8 Kxe8 38. Nc4 Kd7 39. Bb6 g5 40. Ke2 Ke7 41. Ke3 Kf6 42. Ke4 Be1 43. f3 g4 44. fxg4 hxg4 45. Bd8+ Kg6 46. Kf4 g3 47. Ne5+ Kg7 48. Nc4 Kg6 49. Nd6 Bf1 50. Kf3 Bd3 51. Nxb7 Kf5 52. Nc5 Bb4 53. Bc7 1-0

[Event "Campo Grande Radio Clube op 2nd"]
[Site "Campo Grande"]
[Date "2021.12.03"]
[Round "2"]
[White "Kazuhiro Shikasho, Erik"]
[Black "Viana Monteiro, Paulo Vitor"]
[Result "1-0"]
[WhiteElo "1868"]
[BlackElo "1789"]
[PlyCount "85"]
[EventDate "2021.12.02"]
[EventType "swiss"]
[EventRounds "5"]
[EventCountry "BRA"]
[SourceTitle "CBM 205 Extra"]
[Source "ChessBase"]
[SourceDate "2022.01.31"]
[SourceVersion "1"]
[SourceVersionDate "2022.01.31"]
[SourceQuality "1"]

1. e4 e5 2. Nf3 Nc6 3. Bc4 Nf6 4. Ng5 d5 5. exd5 Na5 6. Bb5+ c6 7. dxc6 bxc6 8. Qf3 Bd7 9. Bd3 h6 10. Ne4 Nxe4 11. Bxe4 Bd6 12. c3 Qc8 13. h3 Nb7 14. b4 Rb8 15. Bc2 c5 16. bxc5 Qxc5 17. Ba3 Qb6 18. Bb3 0-0 19. 0-0 Bxa3 20. Nxa3 Qg6 21. Rfe1 Bc6 22. Bd5 Bxd5 23. Qxd5 Qd6 24. Qxd6 Nxd6 25. Rxe5 f6 26. Rd5 Nf7 27. Ra5 Rfd8 28. d4 Rbc8 29. Nb5 Rd7 30. Re1 Kf8 31. Re3 Rd5 32. a4 Nd6 33. Nxd6 Rxa5 34. Nxc8 Rxa4 35. Nd6 Kg8 36. Re8+ Kh7 37. Re7 a5 38. Ra7 Ra2 39. c4 Kg6 40. c5 f5 41. c6 f4 42. c7 f3 43. c8Q 1-0

[Event "Campo Grande op"]
[Site "Campo Grande"]
[Date "2019.03.31"]
[Round "5"]
[White "Duailibi, Ricardo Miguel"]
[Black "Kazuhiro Shikasho, Erik"]
[Result "1-0"]
[WhiteElo "1844"]
[BlackElo "1800"]
[PlyCount "71"]
[EventDate "2019.03.29"]
[EventType "swiss"]
[EventRounds "5"]
[EventCountry "BRA"]
[SourceTitle "CBM 190 Extra"]
[Source "ChessBase"]
[SourceDate "2019.07.15"]
[SourceVersion "1"]
[SourceVersionDate "2019.07.15"]
[SourceQuality "1"]

1. d4 Nf6 2. c4 c5 3. d5 b5 4. e3 bxc4 5. Bxc4 d6 6. Nc3 g6 7. Nf3 Bg7 8. 0-0 0-0 9. Re1 Nbd7 10. e4 Ng4 11. h3 Nde5 12. Bf1 Qb6 13. Na4 Qc7 14. Bg5 Nxf3+ 15. Qxf3 Ne5 16. Qd1 h6 17. Be3 g5 18. g4 Ng6 19. Rc1 Be5 20. Bd4 Bxd4 21. Qxd4 cxd4 22. Rxc7 Re8 23. Rd1 a5 24. Rxd4 Ne5 25. Kg2 Ba6 26. Bxa6 Rxa6 27. b3 Ng6 28. Rdc4 Nf4+ 29. Kh2 e6 30. R4c6 Rxc6 31. dxc6 d5 32. exd5 exd5 33. Rd7 Re2 34. c7 Rxf2+ 35. Kg3 Rg2+ 36. Kf3 1-0